000 00700nam a2200229 i 4500
001 124411
003 ES-MaACL
005 20250826110123.0
007 t|
008 070326s1932 sp ||||1| spa d
080 _a7.03(09)
100 1 _aHartmann, K. D.
_961989
245 1 0 _aHistoria de los estilos artísticos /
_cpor K.D. Hartmann ; traducción de Domingo Miral.
250 _a3ª ed.
260 _aBarcelona :
_bLabor,
_c[1932]
300 _a370 p., XXXII p. de lám. :
_bil. ;
_c17 cm.
490 1 _aColección Labor ;
_v42, 43
700 1 _aMiral, Domingo,
_d1872-1942
_981480
830 0 0 _aColección Labor
_v42, 43
_9184254
852 _aES-MaACL
_jE-2589
999 _c124411
_d124411